000 01173cam a2200349 a 4500
999 _c24090
_d24090
001 vtls000460847
005 20251215130532.0
008 120612s20112012xo g 000 f slo d
020 _a9788022215220
035 _aa000460847
040 _aTTKJF
_bslo
_cUKB
_dPPPK
_dSNK
_eAACR2
041 1 _aslo
_heng
044 _axo
_cSK
072 7 _a821.111-3
_xAnglická próza, anglicky písaná
_2konspekt
080 _a821.111(410.3)-31
_22011
080 _a(0:82-311.6)
_22011
080 _a(0:82-311.2)
_22011
080 _a(0.038)
_22011
100 1 _aFollett, Ken,
_d1949-
_95351
240 1 0 _aWorld without end.
_lSlovensky
245 1 0 _aNa veky vekov
_cKen Follett ; [z anglického originálu preložil Ján Kamenistý]
250 _a1. vyd.
260 _aBratislava
_bTatran
_c2011
300 _a1022 s.
490 1 _aLUK : knižnica svetových bestsellerov
_vzv. 86
500 _aPokrač. Pilierov zeme
655 7 _awaleské romány (anglicky)
_2UKBPH
_95358
655 7 _ahistorické romány
_2UKBPH
_91688
655 7 _arealistické romány
_2UKBPH
_95359
655 7 _aanglicky písané romány
_2UKBPH
_93616
700 1 _aKamenistý, Ján,
_d1941-
_4trl
_95216